000 01136nam a22003497a 4500
003 CHAP
005 20220817044413.0
008 101130s2007 it a rn 00010 eng d
010 _a99999
011 _a100971
020 _a9789251058893
035 _a111657
040 _cCHAP
090 _aFolleto 17810y
110 2 _aFAO
245 1 2 _aA compendium of regional perspectives in communication for development
_c/preparado por Ricardo Ramírez y Wendy Quarry
260 _aRome :
_bFAO,
_c2007
300 _axii, 38 p.
590 _aBATCH-UPD
_b10
_c20130110
_lUCH01
_h1616
590 _aBATCH-UPD
_b10
_c20130410
_lUCH01
_h1011
590 _aBATCH-UPD
_b10
_c20130914
_lUCH01
_h1200
590 _aCONVERSION
_b10
_c20130109
_lUCH01
_h1355
650 1 4 _aComunicación
_926206
650 1 4 _aDesarrollo sustentable.
650 1 4 _aDifusión de información.
_932565
650 1 4 _aProgramas de capacitación.
_992376
650 1 4 _aTecnología de la información.
_9111961
650 1 4 _aToma de decisiones.
_9113662
901 _aBK
942 _cFOLL
949 _aFolleto 17810y
_bBC
_cFAO
_d33724002072149
_eFAO1
_gDonaciØn
_i111657
_sb
999 _c99999
_d99999